| 000 | 00758nac a22002531u 4500 | ||
|---|---|---|---|
| 010 | _a 79023456 | ||
| 020 | _a0201029189 : | ||
| 020 | _a0201029693 : | ||
| 082 | 0 | 0 |
_a531 _bG6244 |
| 090 |
_c4315 _d4315 |
||
| 100 | _aGoldstein, Herbert, | ||
| 245 | 1 | 0 |
_aClassical mechanics / _cHerbert Goldstein. |
| 250 | _a2d ed. | ||
| 260 |
_aReading, Mass. : _bAddison-Wesley Pub. Co., _c1980. |
||
| 300 |
_axiv, 672 p. : _bill. ; _c24 cm. |
||
| 490 | 0 | _aAddison-Wesley series in physics | |
| 500 | _aIncludes indexes. | ||
| 504 | _aBibliography: p. 621-630. | ||
| 650 | 0 | _aMechanics, Analytic. | |
| 942 |
_cBB _k531G6244 _hRDA-MOD |
||
| 999 |
_c4315 _d4315 |
||
| 336 |
_2rdacontent _atext _btxt |
||
| 337 |
_aunmediated _2rdamedia _bn |
||
| 338 |
_avolume _bnc _2rdacarrier |
||